=LDR 00000nam 2200000 4500 =001 INLIS000000000038062 =005 20130612143744 =008 ***********************************Ind** =035 ##$$0010-061300000038062 =041 ##$$a Ind =082 ##$$a 813 =090 ##$$a 813, Kor d =100 ##$$a Korbel, Kathleen =245 ##$$a Deadly redemption, Penebusan, Kathleen Korbel =260 ##$$a 2009 $b Jakarta =300 ##$$a 349 hlm, 17 cm =650 ##$$a Sastra Indonesia =850 ##$$a NBPNMAT